000 01034nas a2200313 4500
001 BR2015005734
003 BR-BrBNA
005 20231205125805.0
007 ta
008 230509b bl.|||p| |||| 00| 00por d
040 _aBR-BrBNA
_bpor
_cBiblioteca Nacional de Agricultura
041 _a(Pt)
072 _aF06; F04
100 1 _aSilva, A.O. da
100 1 _aSilva, Ê.F.F.E.
100 1 _aKlar, A.E.
245 1 _aManejo da fertirrigação e salinidade do solo no crescimento da cultura da beterraba
246 1 _aManagement of fertigation and soil salinity on beet crop growth
650 _aBETERRABA
650 _aFERTIRRIGACAO
650 _aSALINIDADE
650 _aCRESCIMENTO
650 _aBETA VULGARIS
650 _aCONDUTIVIDADE ELETRICA
773 0 _tEngenharia Agrícola (Brazil)
_xISSN 1809-4430
_g(Mar-Apr 2015), v. 35(2) p. 230-241
_wBR2015005734
856 4 0 _uhttp://www.scielo.br/pdf/eagri/v35n2/1809-4430-eagri-35-2-0230.pdf
909 _a202311
_bLúcia
_c55
_dLúcia Elande
942 _2AGRIS
_n0
_cANA
999 _c246153
_d246153